000 00395nam a2200097Ia 4500
008 180130s9999 xx 000 0 und d
245 _cErkin, Zekeriya; Veugen, Thijs; Toft, Tomas; Lagendijk, Reginald L.
_aPrivacy-preserving distributed clustering
260 _c2016
300 _aBook title: Handbook of information security--Acession number C20533; pages 100-114
650 _aINFORMATION SECURITY
999 _c354094
_d354094